| 000 | 00673nam a22001577a 4500 | ||
|---|---|---|---|
| 082 | _aT-124 | ||
| 100 |
_aLt Col Muhammad Azim _948514 |
||
| 245 |
_aA preliminary study for verification of AASHTO temperature correction factors used in AASHTO overlay design for temperatures prevalent in Pakistan using deflection method and application of deflection testing for quality control during pavement construction _cLt Col Muhammad Azim |
||
| 260 |
_aRisalpur _bMCE _c2002 |
||
| 300 | _axvi, 200 P, : | ||
| 526 |
_a0 _b0 _c0 _dT_124 |
||
| 650 | _aMaster of Science in Civil Engineering | ||
| 650 |
_aThesis _934811 |
||
| 700 |
_aCol Dr Zafar Ahmed Malik _948515 |
||
| 942 |
_2ddc _cBK |
||
| 999 |
_c551433 _d551433 |
||